00494nam a22001937a 450000500170000001000130001702000100003003500130004003700160005304000120006908200150008110000260009624500550012226000400017727000410021730000160025865000130027465000130028720170124105931.0 aA-465528 c60.00 aA-465528 bCen Lib/Ret aDPLbEN a230.4bAYY aAiyar, T.R. Rajagopal aSri Rudram and Chamakam /cby T.R. Rajagopal Aiyar aBombaybBhartiya Vidya Bhawanc1991 aKalapati Munshi MargbBombaye400007 a252p.c20cm aReligion aHinduism